00201nam a2200073Ia 4500082001400000245003200014100004000046008004100086 aJ 500 BEN 0aBuilding and making things  a BENNETT, Nigel Melbourne, 1990 210816s9999 xx 000 0 und d